|
|
|
|
| LEADER |
01075nam a2200325 4500 |
| 001 |
000013554 |
| 003 |
9896 |
| 005 |
20120316150358.0 |
| 008 |
120316s2000 viesd |
| 020 |
|
|
|c 14500đ
|
| 041 |
0 |
|
|a vie
|
| 082 |
|
|
|a 641.8
|b TR-C
|
| 100 |
0 |
|
|a Triệu, Thị Chơi
|
| 245 |
|
0 |
|a Khéo tay làm bánh
|c Triệu Thị Chơi, Nguyễn Kim Phụng, Lâm Thị Đậu
|
| 260 |
|
|
|a TP HCM
|b Thành phố Hồ Chí Minh
|c 2000
|
| 300 |
|
|
|a 175 tr.
|c 21 cm
|
| 653 |
|
|
|a Khéo tay
|
| 653 |
|
|
|a Làm bánh
|
| 700 |
|
|
|a Nguyễn Thị Kim Phụng
|a Lâm Thị Đậu
|e Thực hiện
|
| 910 |
|
|
|a duyên
|
| OWN |
|
|
|a LSP
|
| AVA |
|
|
|a UDN50
|b LSP
|d 641.8 TR-C
|e available
|t Error 5001 Not defined in file expand_doc_bib_avail.
|f 3
|g 0
|h N
|i 0
|k 1
|
| 999 |
|
|
|a From the UDN01
|
| AVA |
|
|
|a UDN50
|b LSP
|d 641.8 TR-C
|e available
|t Error 5001 Not defined in file expand_doc_bib_avail.
|f 3
|g 0
|h N
|i 0
|k 1
|
| TYP |
|
|
|a Monograph
|
| TYP |
|
|
|a Printed language
|
| 980 |
|
|
|a Mạng thư viện Đại học Đà Nẵng
|